| 000 | 01482nam a2200289Ia 4500 | ||
|---|---|---|---|
| 999 |
_c52965 _d52965 |
||
| 001 | 19996 | ||
| 003 | GE_BSU | ||
| 005 | 20250317122711.0 | ||
| 008 | 181216s2015||||ge |||||||||||||| ||geo|| | ||
| 040 | _cGE_BSU | ||
| 041 | _ageo | ||
| 080 | _a1(430) ნ–75 | ||
| 100 |
_aნიცშე, ფრიდრიხ _95541 |
||
| 245 |
_aესე იტყოდა ზარატუსტრა : _bწიგნი ყველასთვის და არავისთვის _cნიცშე, ფრიდრიხ ; გერმ. თარგმნ. : ე. ტატიშვილმა. |
||
| 264 |
_aთბილისი : _bსაგამომცელმო საზოგადოება "ფილოსოფიური ბიბლიოთეკა". _c2015. |
||
| 300 |
_a307გვ. ; _b20 სმ. |
||
| 504 | _aბიბლ. : გვ. 307 | ||
| 653 | _aგერმანული ფილოსოფია | ||
| 653 | _aმორალი | ||
| 653 | _aზოროასტრიზმი | ||
| 653 | _aკულტურა | ||
| 653 | _aადამიანის ფილოსოფიური საკითხები | ||
| 653 | _aესე იტყოდა ზარატუსტრა | ||
| 653 | _aწიგნი ყველასთვის და არავისთვის | ||
| 700 |
_aტატიშვილი, ელენე _eმთარგმნელი _912717 |
||
| 942 |
_cBK _2udc |
||